The Mannual DBase III (Record no. 960523)

MARC details
000 -LEADER
fixed length control field 00235nam a2200097Ia 4500
008 - FIXED-LENGTH DATA ELEMENTS--GENERAL INFORMATION
fixed length control field 231212s1988 xx 000 0 und d
041 ## - LANGUAGE CODE
Language code of text/sound track or separate title eng
100 ## - MAIN ENTRY--PERSONAL NAME
Personal name Williams R.B.
245 ## - TITLE STATEMENT
Title The Mannual DBase III
260 ## - PUBLICATION, DISTRIBUTION, ETC.
Place of publication, distribution, etc. Delhi
Name of publisher, distributor, etc. America
Date of publication, distribution, etc. 1988
Holdings
Withdrawn status Lost status Damaged status Not for loan Home library Current library Date acquired Cost, normal purchase price Total Checkouts Barcode Date last seen Price effective from Koha item type
        Institute of Technology (Poly) , Navi Mumbai Institute of Technology (Poly) , Navi Mumbai 13/12/2023 16.00   ITM-P-3375 13/12/2023 13/12/2023 Book